| 000 | 00489nam a2200169Ia 4500 | ||
|---|---|---|---|
| 008 | 240729s9999 xx 000 0 und d | ||
| 022 | _a1857-9019 | ||
| 245 | 0 | _aMicro, Macro & Mezzo Geoinformation | |
| 260 | _aNorth Macedonia | ||
| 260 | _bGeo-SEE Institute | ||
| 650 | _a Geography (General) | Science | ||
| 650 | _a Geology | ||
| 650 | _aGeography. Anthropology. Recreation | ||
| 856 | _uhttps://doaj.org/toc/e1aac86eeeec409db4f8df0879dbbcb1 | ||
| 942 | _2ddc | ||
| 942 | _cDOAJEJ | ||
| 999 |
_c70534 _d70534 |
||
| 945 |
_a1 _bMadushi Gamage _c1 _dMadushi Gamage |
||